|
005 -DATA I CZAS OSTATNIEJ MODYFIKACJI [,]
|
-
- @
- pole kontrolne
- 20120904141018.0
|
|
020 -Międzynarod. znormalizowany nr książki - ISBN [ , ]
|
-
- a
- Numer ISBN
- 9780387253862
|
|
020 -Międzynarod. znormalizowany nr książki - ISBN [ , ]
|
-
- a
- Numer ISBN
- 0387253866
|
|
020 -Międzynarod. znormalizowany nr książki - ISBN [ , ]
|
-
- a
- Numer ISBN
- 0387253874
|
|
020 -Międzynarod. znormalizowany nr książki - ISBN [ , ]
|
-
- a
- Numer ISBN
- 9780387253879 (eISBN)
|
|
040 -Instytucja sporządzająca opis [ , ]
|
-
- a
- Instytucja, która sporządziła opis (NP)
- SZCZ U/DL
-
- c
- Instytucja, która sporządziła rekord (NP)
- SZCZ U/DL
-
- d
- Instytucja, która zmodyfikowała rekord (P)
- SZCZ U/AP
|
|
041 -Język dokumentu [0, ]
|
-
- a
- Język tekstu (P)
- angielski
|
|
044 -Kraj miejsca wydania [ , ]
|
-
- a
- Kraj miejsca wydania
- USA
|
|
942 -Rodzaj dokumentu [ , ]
|
-
- c
- Rodzaj dokumentu
- Książka
|
|
080 -Uniwersalna Klasyfikacja Dziesiętna [ , ]
|
-
- 2
- Identyfikator wydania tablic
- UDC-P058
-
-
- a
- Symbol klasyfikacji
- 338.47::654
-
- b
- Dopowiedzenie
- Gospodarcze aspekty telekomunikacji.
-
-
- x
- Poddział wspólny
- (4-67)
-
- c
- Dopowiedzenie poddz. wspólnego
- (Kraje Unii Europejskiej).
-
-
-
- c
- Dopowiedzenie poddz. wspólnego
- =Język angielski.
|
|
080 -Uniwersalna Klasyfikacja Dziesiętna [ , ]
|
-
- 2
- Identyfikator wydania tablic
- UDC-P058
-
-
- a
- Symbol klasyfikacji
- 316.325
-
- b
- Dopowiedzenie
- Społeczeństwa ze względu na specyficzne kryteria. Społeczeństwo informacyjne. Społeczeństwo otwarte. Społeczeństwo obywatelskie.
-
-
- x
- Poddział wspólny
- (4-67)
-
- c
- Dopowiedzenie poddz. wspólnego
- (Kraje Unii Europejskiej).
-
-
-
- c
- Dopowiedzenie poddz. wspólnego
- =Język angielski.
|
|
080 -Uniwersalna Klasyfikacja Dziesiętna [ , ]
|
-
- 2
- Identyfikator wydania tablic
- UDC-P058
-
-
- a
- Symbol klasyfikacji
- 351.81
-
- b
- Dopowiedzenie
- Nadzór nad komunikacją, łącznością i transportem. Ruch drogowy, kolejowy, lotniczy i wodny. Zarządzenia dotyczące ulic i mostów. Oświetlenie ulic. Sygnalizacja świetlna. Nadzór nad pojazdami. Kontrola stanu technicznego pojazdów. Służby ruchu lotniczego. Prawo pocztowe. Nadzór nad telekomunikacją
-
-
- x
- Poddział wspólny
- (4-67)
-
- c
- Dopowiedzenie poddz. wspólnego
- (Kraje Unii Europejskiej).
-
-
-
- c
- Dopowiedzenie poddz. wspólnego
- =Język angielski.
|
|
980 -Symbol UKD [ , ]
|
-
- a
- UKD
- 338.47::654:316.325:351.81]=111
|